La búsqueda de la espada mágica : historia real de un largo silencio /

Guardado en:
Autor Principal: López, María Cecilia.
Formato: Libro
Idioma:Undetermined
Publicado: Ituzaingó : Maipue, 2013.
Materias:
Etiquetas: Agregar Etiqueta
Sin Etiquetas, Sea el primero en etiquetar este registro!
LEADER 00779nam a22002055a 4500
001 CEM.cems018759
008 210715s2013####xx############000#0#und#d
005 20210716102302.0
003 CEMS
245 1 0 |a La búsqueda de la espada mágica :  |b historia real de un largo silencio /  |c María Cecilia López. 
260 |a Ituzaingó :  |b Maipue,  |c 2013. 
300 |a 208 p. 
500 |a Seguimiento de un caso de abuso sexual infantil desde la primera hasta la última sesión, estableciendo un análisis desde la práctica cotidiana en el consultorio. 
020 |a 9789879493984 
100 1 |a López, María Cecilia. 
650 7 |a Literatura 
650 7 |a Literatura Argentina 
650 7 |a Novela 
650 7 |a Abuso sexual infantil 
859 |a CEMS  |b BIB. CEMS - 11 de abril  |h A863  |i L881  |p 29107.21